000 005240000a22001330004500
090 _aAS
_bSeriadas
245 1 0 _aDiversidad taxonómica y ecológica de la entomofauna micófaga en un bosque altoandino de la Cordillera Oriental de Colombia
041 0 _aEspañol
700 1 _aAmat García, Germán D.
_999811
700 1 _aHenao M. , Luis G.
_999812
100 1 _aAmat García , Eduardo
_95381
942 _cARTICULO
773 1 _tRevista de Academia Colombiana de Ciencias Exactas, Físicas y Naturales
_h107
_q223-231
_d2004
_g28
999 _c15543
_d15543